Statistiques concernant Les vainqueurs du ballon d'or si on pourrait en gagner qu'un seul

Cliquez ici pour prendre le quiz!

Statistiques générales

  • Ce quiz a été pris 160 fois
  • Le résultat moyen est 27 sur 67

Statistiques - réponses

AnnéeJoueur% Correct
2008Cristiano Ronaldo
99%
1997Ronaldo
99%
2009Lionel Messi
98%
2022Karim Benzema
92%
2018Luka Modrić
90%
1998Zinédine Zidane
89%
2007Kaká
83%
2005Ronaldinho
81%
2010Andrés Iniesta
77%
2023Erling Haaland
76%
1983Michel Platini
76%
2013Franck Ribéry
74%
2011Xavi
74%
2006Fabio Cannavaro
72%
2021Robert Lewandowski
72%
2016Antoine Griezmann
67%
2015Neymar
61%
2014Manuel Neuer
60%
2001Michael Owen
60%
2003Pavel Nedvěd
55%
2019Virgil van Dijk
55%
1999Rivaldo
54%
2004Andriy Chevtchenko
53%
1971Johan Cruyff
53%
2000Luís Figo
53%
1960Luis Suárez
53%
1970Gerd Müller
49%
1988Marco van Basten
47%
1991Jean-Pierre Papin
46%
1957Alfredo Di Stéfano
41%
1972Franz Beckenbauer
41%
2017Gianluigi Buffon
38%
1995George Weah
37%
1958Raymond Kopa
37%
1987Ruud Gullit
35%
1963Lev Yachine
33%
1966Bobby Charlton
31%
1993Roberto Baggio
29%
1965Eusébio
28%
2002Roberto Carlos
27%
1956Stanley Matthews
24%
1994Paolo Maldini
23%
1968George Best
21%
1990Lothar Matthäus
21%
1996Matthias Sammer
21%
1992Hristo Stoitchkov
19%
1982Paolo Rossi
17%
1979Karl-Heinz Rummenigge
14%
1964Denis Law
13%
1986Igor Belanov
13%
1978Kevin Keegan
13%
1977Allan Simonsen
11%
1967Flórián Albert
10%
1961Omar Sívori
10%
2012Radamel Falcao
10%
1969Gianni Rivera
8%
1984Jean Tigana
8%
1962Josef Masopust
8%
1975Oleg Blokhine
8%
1989Franco Baresi
6%
1973Dino Zoff
3%
1981Paul Breitner
3%
1985Preben Elkjær Larsen
2%
1980Bernd Schuster
1%
1959John Charles
1%
1974Kazimierz Deyna
1%
1976Rob Rensenbrink
1%

Distribution des résultats

Percentile par nombre de réponses

% des personnes avec chaque résultat

Votre développement - résultats

Vous n’avez pas pris ce quiz